[Event "Suecia ch 2007 SM-gruppen"]
[Site "Stockholm SWE"]
[Date "2007.07.05"]
[Round "6"]
[White "Karlsson, Lars"]
[Black "Lindberg, Bosse"]
[Result "1-0"]
[PlyCount "141"]
[EventDate "2007.06.30"]
[EventType "tourn"]
[EventRounds "13"]
[EventCountry "SWE"]
[Source "lmi"]
[SourceDate "2007.06.30"]
[WhiteElo "2493"]
[BlackElo "2361"]

1. c4 c5 2. g3 Nf6 3. Bg2 d5 4. cxd5 Nxd5 5. Nc3 Nc7 6. d3 Nc6 7. Be3 e5 8.
Bxc6+ bxc6 9. Nf3 f6 10. Qa4 Bd7 11. Ne4 Ne6 12. Rc1 Rb8 13. Nfd2 Qc7 14. Nxc5
Nxc5 15. Bxc5 Bxc5 16. Rxc5 Rxb2 17. Qa3 Qb8 18. Nb3 Rb1+ 19. Rc1 Rxc1+ 20.
Nxc1 Bh3 21. Nb3 Kf7 22. Kd2 Qb6 23. f3 Be6 24. Rc1 Rb8 25. Rc5 Bxb3 26. axb3
Qxb3 27. Qxb3+ Rxb3 28. Rxc6 Rb7 29. f4 exf4 30. gxf4 f5 31. Ra6 Re7 32. h4 Rd7
33. h5 Rb7 34. Ke3 Re7+ 35. Kf3 Rd7 36. Kg3 h6 37. Kf3 Ke7 38. Ke3 Kf7 39. Kf2
Re7 40. Kf3 Rd7 41. Kf2 Re7 42. Ra5 Kf6 43. e3 Rb7 44. e4 fxe4 45. dxe4 Rb3 46.
Rxa7 Rc3 47. e5+ Kf5 48. Rf7+ Ke4 49. e6 Rc8 50. e7 Re8 51. Kg3 Kd5 52. Kg4 Ke6
53. Rxg7 Kf6 54. Rg6+ Kxe7 55. Rxh6 Kf7 56. Kg5 Rg8+ 57. Kf5 Ra8 58. Rh7+ Kg8
59. Re7 Ra6 60. Re6 Ra7 61. Rb6 Kf7 62. Kg5 Kg7 63. Rd6 Rb7 64. f5 Ra7 65. Re6
Rb7 66. Re5 Ra7 67. f6+ Kf8 68. h6 Ra1 69. Kg6 Rf1 70. Ra5 Rg1+ 71. Rg5 1-0

[Event "Suecia ch 2007 Mästare Elit"]
[Site "Stockholm SWE"]
[Date "2007.07.05"]
[Round "6"]
[White "Marttala, Thomas"]
[Black "Couso, Luis"]
[Result "1/2-1/2"]
[PlyCount "110"]
[EventDate "2007.06.30"]
[EventType "tourn"]
[EventRounds "13"]
[EventCountry "SWE"]
[Source "lmi"]
[SourceDate "2007.06.30"]
[WhiteElo "2271"]
[BlackElo "2358"]

1. e4 c5 2. Nf3 e6 3. b3 a6 4. Bb2 Nc6 5. Be2 d6 6. d4 cxd4 7. Nxd4 Bd7 8. Nf3
Nf6 9. Nbd2 Be7 10. O-O O-O 11. c4 e5 12. Ne1 a5 13. Nc2 Be8 14. a3 Nd7 15. b4
Bg5 16. Nf3 Be7 17. b5 Ncb8 18. Ne3 Nc5 19. Qc2 g6 20. Rad1 Nbd7 21. Nd5 f5 22.
exf5 gxf5 23. Qd2 Ne4 24. Qh6 Ndc5 25. Nxe5 Bg5 26. Qh3 dxe5 27. Bxe5 Bg6 28.
f4 Be7 29. Nc7 Qc8 30. Bh5 Bf6 31. b6 Rf7 32. Bxg6 hxg6 33. Qh6 Rg7 34. Nxa8
Qxa8 35. Rd5 Qe8 36. Qh3 Bxe5 37. Rxe5 Qd8 38. Qe3 Qxb6 39. Rd1 Rd7 40. Red5
Rxd5 41. cxd5 Qd6 42. g3 Nd7 43. Kg2 b6 44. Qb3 Kh7 45. Qb5 Ndf6 46. Rd3 Qc5
47. Qxc5 Nxc5 48. Rd1 Kg7 49. Kf3 Kf7 50. Ke3 Ke7 51. Kd4 Kd6 52. Kc4 Nce4 53.
Rd3 Nc5 54. Rd1 Nce4 55. Rd3 Nc5 1/2-1/2

[Event "Suecia ch 2007 Mästare Elit"]
[Site "Stockholm SWE"]
[Date "2007.07.05"]
[Round "6"]
[White "Welin, Mats"]
[Black "Rosberg, Simon"]
[Result "0-1"]
[PlyCount "120"]
[EventDate "2007.06.30"]
[EventType "tourn"]
[EventRounds "13"]
[EventCountry "SWE"]
[Source "lmi"]
[SourceDate "2007.06.30"]
[WhiteElo "2195"]
[BlackElo "2205"]

1. e4 c5 2. Nf3 Nc6 3. d4 cxd4 4. Nxd4 g6 5. c4 Nf6 6. Nc3 d6 7. Nc2 Bg7 8. Be2
O-O 9. O-O b6 10. Be3 Bb7 11. Qd2 Ne5 12. f3 Rc8 13. Na3 Re8 14. Rac1 Qc7 15.
b3 Qb8 16. Rfd1 Ned7 17. Nc2 Nf8 18. Bf1 Ne6 19. Nd5 Nc7 20. g3 Ne6 21. Bh3
Rcd8 22. Ncb4 Nd7 23. Re1 Ne5 24. Rf1 Nc6 25. Nc2 Bc8 26. Bg2 Bd7 27. Rce1 b5
28. cxb5 Qxb5 29. f4 Qb8 30. f5 Nc7 31. f6 exf6 32. Nxf6+ Bxf6 33. Rxf6 Be6 34.
Nd4 Ne5 35. Bg5 Rd7 36. h3 Nb5 37. Rf2 Nxd4 38. Qxd4 Qb5 39. Qd2 Rb7 40. Qxd6
Nd3 41. Bf1 Rd7 42. Qf4 Nxf4 43. Bxb5 Nxh3+ 44. Kf1 Nxg5 45. Bxd7 Bxd7 46. Rc2
Bh3+ 47. Kf2 Nxe4+ 48. Kg1 f5 49. Rec1 Kg7 50. Rc7+ Kh6 51. Kh2 Ng5 52. R1c2
Re1 53. Rxa7 Bf1 54. Kg1 Ne4 55. Kh2 Be2 56. Kg2 Bd3 57. Rcc7 Re2+ 58. Kg1 Ng5
59. Re7 Nf3+ 60. Kh1 Rh2# 0-1

[Event "Suecia ch 2007 Mästare Elit"]
[Site "Stockholm SWE"]
[Date "2007.07.05"]
[Round "6"]
[White "Johansson, Gunnar"]
[Black "Wademark, Helge"]
[Result "1/2-1/2"]
[PlyCount "48"]
[EventDate "2007.06.30"]
[EventType "tourn"]
[EventRounds "13"]
[EventCountry "SWE"]
[Source "lmi"]
[SourceDate "2007.06.30"]
[WhiteElo "2272"]
[BlackElo "2153"]

1. d4 d5 2. c4 c6 3. Nf3 Nf6 4. e3 e6 5. Bd3 Nbd7 6. O-O Bd6 7. Nc3 O-O 8. e4
dxe4 9. Nxe4 Nxe4 10. Bxe4 Nf6 11. Bc2 b6 12. Bg5 Be7 13. Qd3 g6 14. Rad1 Bb7
15. Qe3 Qc7 16. Qe5 Qd8 17. h4 Re8 18. Rfe1 Rc8 19. Qe3 Qc7 20. Ne5 Bd8 21. Rd3
Nh5 22. g4 Ng7 23. Bf4 Qe7 24. g5 Nf5 1/2-1/2

[Event "Suecia ch 2007 Mästare Elit"]
[Site "Stockholm SWE"]
[Date "2007.07.05"]
[Round "6"]
[White "Nilsson, Sebastian"]
[Black "Glimbrant, Torbjorn"]
[Result "1/2-1/2"]
[PlyCount "127"]
[EventDate "2007.06.30"]
[EventType "tourn"]
[EventRounds "13"]
[EventCountry "SWE"]
[Source "lmi"]
[SourceDate "2007.06.30"]
[WhiteElo "2218"]
[BlackElo "2282"]

1. e4 c5 2. Nf3 d6 3. d4 cxd4 4. Nxd4 Nf6 5. Nc3 a6 6. Bc4 e6 7. O-O Be7 8. Bb3
O-O 9. f4 b5 10. Be3 b4 11. Na4 Nxe4 12. f5 d5 13. fxe6 fxe6 14. Rxf8+ Bxf8 15.
Nf3 Nc6 16. Nb6 Rb8 17. Nxd5 Na5 18. Nf4 Qxd1+ 19. Rxd1 Nxb3 20. axb3 Be7 21.
Bd4 g5 22. Re1 gxf4 23. Rxe4 Bd7 24. Rxf4 Rc8 25. c3 bxc3 26. bxc3 Bc5 27. Ne5
Be8 28. c4 a5 29. Kf2 a4 30. bxa4 Bxa4 31. Ke3 Bd6 32. Rg4+ Kf8 33. Nf3 Be7 34.
c5 Be8 35. Bg7+ Kg8 36. Bh6+ Bg6 37. Ne5 Bxc5+ 38. Ke2 Bd6 39. Nxg6 hxg6 40.
Rxg6+ Kh7 41. Rxe6 Bxh2 42. Be3 Kg8 43. Kf3 Kf7 44. Rh6 Be5 45. Ke4 Bg7 46. Ra6
Re8+ 47. Kf3 Re6 48. Ra4 Kg6 49. Bf4 Bh6 50. Bc7 Bg5 51. Kg4 Rc6 52. Bb8 Rb6
53. Ba7 Rc6 54. g3 Bf6 55. Bb8 Rb6 56. Bf4 Rc6 57. Ra8 Rb6 58. Ra2 Rc6 59. Rh2
Bg7 60. Rh5 Ra6 61. Rg5+ Kf7 62. Be5 Bxe5 63. Rxe5 Kg6 64. Rb5 1/2-1/2

[Event "Suecia ch 2007 Mästare Elit"]
[Site "Stockholm SWE"]
[Date "2007.07.05"]
[Round "6"]
[White "Akesson, Joel"]
[Black "Janse, Love"]
[Result "1-0"]
[PlyCount "55"]
[EventDate "2007.06.30"]
[EventType "tourn"]
[EventRounds "13"]
[EventCountry "SWE"]
[Source "lmi"]
[SourceDate "2007.06.30"]
[WhiteElo "2326"]
[BlackElo "2090"]

1. d4 g6 2. e4 d6 3. Nc3 c6 4. h3 e5 5. Nf3 Nd7 6. Be3 Ngf6 7. a4 Bg7 8. Bc4
O-O 9. O-O Re8 10. dxe5 dxe5 11. a5 Qe7 12. Qb1 Nc5 13. Ng5 Ne6 14. Qa2 Bh6 15.
Nxe6 Bxe3 16. Nc7 Qxc7 17. fxe3 Kg7 18. Rxf6 Kxf6 19. Rf1+ Kg5 20. Rxf7 Qd6 21.
Rxh7 Qd2 22. h4+ Kg4 23. Kh2 Qxe3 24. Be2+ Kf4 25. Bf3 Qe1 26. Ne2+ Ke3 27.
Qa3+ Kd2 28. Qd3# 1-0

[Event "Suecia ch 2007 Mästare Elit"]
[Site "Stockholm SWE"]
[Date "2007.07.05"]
[Round "6"]
[White "Tikkanen, Hans"]
[Black "Semcesen, Daniel"]
[Result "1/2-1/2"]
[PlyCount "137"]
[EventDate "2007.06.30"]
[EventType "tourn"]
[EventRounds "13"]
[EventCountry "SWE"]
[Source "lmi"]
[SourceDate "2007.06.30"]
[WhiteElo "2394"]
[BlackElo "2348"]

1. c4 b6 2. d4 Bb7 3. Nc3 e6 4. e4 Bb4 5. f3 f5 6. e5 c5 7. a3 Bxc3+ 8. bxc3 d6
9. exd6 Qxd6 10. Be3 Nd7 11. Qa4 Bc6 12. Qb3 e5 13. O-O-O O-O-O 14. Bd3 exd4
15. Bg5 Ne7 16. Ne2 Rhe8 17. Rd2 Qg6 18. Bxe7 Rxe7 19. cxd4 Qh6 20. d5 Bb7 21.
Nc3 Qf6 22. f4 g6 23. Kc2 Rde8 24. Rhd1 Re1 25. Rxe1 Rxe1 26. Re2 Rxe2+ 27.
Nxe2 Kc7 28. Qb1 Kd8 29. Qe1 Qe7 30. Qf2 Nf6 31. h3 Ne4 32. Qe3 Nd6 33. Qe5 b5
34. Nc3 bxc4 35. Be2 Qxe5 36. fxe5 Nf7 37. e6 Nd6 38. Bf3 Ke7 39. Na4 Nb5 40.
Nxc5 Ba8 41. d6+ Kxd6 42. e7 Nc7 43. Bxa8 Kxc5 44. Kc3 Kd6 45. Kxc4 Kxe7 46.
Bf3 Kd6 47. a4 g5 48. Bd1 Nd5 49. Bf3 Nc7 50. Bd1 h6 51. a5 Nd5 52. Bf3 Nc7 53.
Bd1 Nd5 54. Bf3 Ne3+ 55. Kb5 h5 56. Ka6 g4 57. hxg4 hxg4 58. Bb7 Nc4 59. Bc8
Ke5 60. g3 Ke4 61. Be6 Nxa5 62. Kxa5 f4 63. gxf4 g3 64. Bh3 Kxf4 65. Bg2 Ke3
66. Ka6 Kf2 67. Bd5 g2 68. Bxg2 Kxg2 69. Kxa7 1/2-1/2

[Event "Suecia ch 2007 Junior-SM"]
[Site "Stockholm SWE"]
[Date "2007.07.05"]
[Round "6"]
[White "Kockum, Anton Frisk"]
[Black "Andersson, Alexis"]
[Result "1-0"]
[PlyCount "83"]
[EventDate "2007.06.30"]
[EventType "tourn"]
[EventRounds "13"]
[EventCountry "SWE"]
[Source "lmi"]
[SourceDate "2007.06.30"]
[WhiteElo "2200"]
[BlackElo "2055"]

1. d4 Nf6 2. Nf3 c5 3. d5 b5 4. Bg5 Qb6 5. Nbd2 Nxd5 6. e4 Nc7 7. a4 a6 8. a5
Qb7 9. Bd3 Nc6 10. e5 Ne6 11. Qe2 Qc7 12. Qe3 Bb7 13. c4 b4 14. Nb3 Nxg5 15.
Qxg5 Nd8 16. Qe3 Rc8 17. O-O g6 18. Ng5 Bg7 19. f4 O-O 20. Rae1 h6 21. Nf3 e6
22. Rd1 Bxf3 23. Rxf3 Nb7 24. h4 h5 25. Be4 Nxa5 26. Nxa5 Qxa5 27. Rxd7 Qa1+
28. Kh2 Qxb2 29. Qd3 Qa2 30. Bxg6 b3 31. Rg3 Qc2 32. Qxc2 bxc2 33. Bxc2 Rfd8
34. Rgd3 Rxd7 35. Rxd7 Bh6 36. g3 Rb8 37. Bd1 Rb4 38. Bxh5 Rxc4 39. Bxf7+ Kf8
40. Bxe6 Rc2+ 41. Kh3 Ke8 42. Ra7 1-0

[Event "Suecia ch 2007 Junior-SM"]
[Site "Stockholm SWE"]
[Date "2007.07.05"]
[Round "6"]
[White "Wickstrom, Lucas"]
[Black "Tadjerbashi, Amir"]
[Result "0-1"]
[PlyCount "58"]
[EventDate "2007.06.30"]
[EventType "tourn"]
[EventRounds "13"]
[EventCountry "SWE"]
[Source "lmi"]
[SourceDate "2007.06.30"]
[WhiteElo "2139"]
[BlackElo "2182"]

1. e4 e5 2. Nf3 Nc6 3. Bb5 a6 4. Ba4 Nf6 5. O-O Be7 6. Re1 b5 7. Bb3 O-O 8. d3
d6 9. h3 Na5 10. Nc3 Nxb3 11. axb3 Bb7 12. b4 h6 13. d4 Re8 14. d5 c6 15. g4
cxd5 16. exd5 Nh7 17. Kh2 Kh8 18. Ne4 Qd7 19. Ng3 Nf6 20. g5 Nxd5 21. gxh6 g6
22. b3 Qc6 23. Ne4 Nc3 24. Nxc3 Qxc3 25. Ng5 Qxa1 26. Nxf7+ Kh7 27. Rg1 Qd4 28.
Rxg6 Qf4+ 29. Rg3 Qxg3+ 0-1

[Event "Suecia ch 2007 Junior-SM"]
[Site "Stockholm SWE"]
[Date "2007.07.05"]
[Round "6"]
[White "Grandelius, Nils"]
[Black "Lissang, Christopher"]
[Result "1-0"]
[PlyCount "127"]
[EventDate "2007.06.30"]
[EventType "tourn"]
[EventRounds "13"]
[EventCountry "SWE"]
[Source "lmi"]
[SourceDate "2007.06.30"]
[WhiteElo "2271"]
[BlackElo "2053"]

1. e4 c5 2. Nc3 Nc6 3. Nge2 e6 4. d4 cxd4 5. Nxd4 a6 6. Be3 Qc7 7. Qd2 Nf6 8.
O-O-O Bb4 9. f3 Ne5 10. Nb3 b5 11. Kb1 Nc4 12. Bxc4 bxc4 13. Nc1 O-O 14. N1e2
Bb7 15. Bf4 Qb6 16. Bd6 Bxd6 17. Qxd6 Qxd6 18. Rxd6 Rfd8 19. Rhd1 Kf8 20. e5
Nd5 21. Nxd5 Bxd5 22. Nc3 Bc6 23. R6d4 Ke7 24. Rxc4 h5 25. Rc5 h4 26. h3 Rh8
27. Rd4 f5 28. Nd1 g5 29. Nf2 a5 30. b3 Rhb8 31. Kb2 Bb5 32. f4 gxf4 33. Rxf4
Bc6 34. Rxh4 Bxg2 35. Rh7+ Kd8 36. Rc3 Bc6 37. Nd3 Kc7 38. Nc5 Kb6 39. Nxd7+
Bxd7 40. Rxd7 Re8 41. Rd6+ Kb7 42. Rcc6 Rh8 43. Rxe6 Rxh3 44. Rb6+ Kc7 45.
Rec6+ Kd7 46. Rf6 a4 47. Rb7+ Ke8 48. bxa4 Rxa4 49. Rxf5 Ra5 50. Rg5 Kf8 51.
Rb8+ Ke7 52. Rg7+ Ke6 53. Rb6+ Kd5 54. e6 Ra8 55. Rg5+ Kc4 56. Rb3 Rh6 57. Re5
Re8 58. Rc3+ Kd4 59. Rce3 Rb8+ 60. Kc1 Rh1+ 61. Kd2 Rh2+ 62. Re2 Rh4 63. e7 Re8
64. Rf5 1-0

[Event "Suecia ch 2007 Junior-SM"]
[Site "Stockholm SWE"]
[Date "2007.07.05"]
[Round "6"]
[White "Vas, Peter"]
[Black "Agrest, Inna"]
[Result "0-1"]
[PlyCount "63"]
[EventDate "2007.06.30"]
[EventType "tourn"]
[EventRounds "13"]
[EventCountry "SWE"]
[Source "lmi"]
[SourceDate "2007.06.30"]
[WhiteElo "2166"]
[BlackElo "2085"]

1. d4 Nf6 2. c4 g6 3. Nc3 Bg7 4. e4 O-O 5. Be3 d6 6. f3 Nbd7 7. Qd2 e5 8. Nge2
a6 9. h4 c6 10. O-O-O b5 11. d5 Nb6 12. Ng3 b4 13. Nb1 cxd5 14. cxd5 a5 15. b3
Bb7 16. Bh6 Bxh6 17. Qxh6 a4 18. Kb2 axb3 19. axb3 Nbd7 20. Bb5 Qa5 21. Ba4 Qc5
22. Rd2 Rfc8 23. h5 Nb6 24. Nf5 gxf5 25. Qxf6 Rxa4 26. Qg5+ Kf8 27. Qh6+ Ke8
28. Qxh7 Nc4+ 29. bxc4 Qxc4 30. Qg8+ Ke7 31. Qg5+ Kd7 32. Qxf5+ 0-1

[Event "Suecia ch 2007 Junior-SM"]
[Site "Stockholm SWE"]
[Date "2007.07.05"]
[Round "6"]
[White "Blomqvist, Erik"]
[Black "De Verdier, Michael"]
[Result "1/2-1/2"]
[PlyCount "28"]
[EventDate "2007.06.30"]
[EventType "tourn"]
[EventRounds "13"]
[EventCountry "SWE"]
[Source "lmi"]
[SourceDate "2007.06.30"]
[WhiteElo "2313"]
[BlackElo "2123"]

1. e4 c5 2. Nf3 d6 3. d4 cxd4 4. Nxd4 Nf6 5. Nc3 Nc6 6. Be2 e5 7. Nb3 Be7 8.
O-O Be6 9. Bg5 O-O 10. Qd2 a5 11. Rad1 a4 12. Nc1 Qb6 13. Nd5 Bxd5 14. Bxf6
Bxe4 1/2-1/2

[Event "Suecia ch 2007 Veteran-SM"]
[Site "Stockholm SWE"]
[Date "2007.07.05"]
[Round "2"]
[White "Soderborg, Berndt"]
[Black "Andersson, Sven-Olof"]
[Result "1-0"]
[PlyCount "118"]
[EventDate "2007.07.01"]
[EventCountry "SWE"]
[Source "lmi"]
[SourceDate "2007.06.30"]
[WhiteElo "2126"]
[BlackElo "2095"]

1. e4 c5 2. Nf3 e6 3. Nc3 Nc6 4. Bb5 Qc7 5. O-O Nf6 6. Re1 Be7 7. e5 Nd5 8.
Nxd5 exd5 9. d4 Qb6 10. a4 a6 11. Bxc6 dxc6 12. dxc5 Bxc5 13. Be3 Bg4 14. a5
Qb5 15. h3 Bh5 16. c3 O-O 17. Bxc5 Qxc5 18. Qd4 Qe7 19. Re3 Bg6 20. Rae1 Bf5
21. Qb6 c5 22. b4 Rac8 23. bxc5 Qxc5 24. Qxc5 Rxc5 25. Nd4 Bd7 26. Rb1 Rb8 27.
Ra1 Rbc8 28. Ra3 g6 29. f4 Rc4 30. g4 Ra4 31. Rxa4 Bxa4 32. f5 Kf8 33. e6 fxe6
34. Nxe6+ Kf7 35. Ng5+ Kg8 36. f6 h6 37. Nf3 Re8 38. Kf2 Rxe3 39. Kxe3 Kf7 40.
Kd4 Kxf6 41. h4 Bd1 42. Ne5 Ke6 43. Nxg6 Bxg4 44. Nf4+ Kd6 45. Nxd5 Bd7 46. c4
Bc6 47. Nb4 Bf3 48. Nd3 Bc6 49. Ne5 Be8 50. c5+ Ke6 51. c6 bxc6 52. Nd3 Bg6 53.
Nc5+ Kd6 54. Nxa6 Be8 55. Nc5 Kc7 56. Ke5 Bh5 57. Kd4 Kd6 58. Ne4+ Kc7 59. Kc5
Bf3 1-0

[Event "Suecia ch 2007 Veteran-SM"]
[Site "Stockholm SWE"]
[Date "2007.07.05"]
[Round "2"]
[White "Akvist, Hakan"]
[Black "Nordstrom, Felix"]
[Result "1/2-1/2"]
[PlyCount "65"]
[EventDate "2007.07.01"]
[EventCountry "SWE"]
[Source "lmi"]
[SourceDate "2007.06.30"]
[WhiteElo "2161"]
[BlackElo "2173"]

1. e4 c5 2. Nf3 e6 3. Nc3 Nc6 4. d4 cxd4 5. Nxd4 a6 6. g3 Qc7 7. Bg2 Nf6 8. O-O
Be7 9. Be3 O-O 10. Qe2 d6 11. Rad1 Bd7 12. h3 b5 13. a3 Rac8 14. g4 Nxd4 15.
Bxd4 e5 16. Be3 h6 17. Rd2 Be6 18. Rfd1 Bc4 19. Qf3 Rfd8 20. Qg3 a5 21. b3 Bxb3
22. Nxb5 Qb8 23. cxb3 Qxb5 24. g5 hxg5 25. Bxg5 Nh5 26. Qg4 Bxg5 27. Rxd6 Nf4
28. Qxg5 Rxd6 29. Rxd6 Qxb3 30. Rd8+ Rxd8 31. Qxd8+ Kh7 32. Qh4+ Kg8 33. Qd8+
1/2-1/2

[Event "Suecia ch 2007 Veteran-SM"]
[Site "Stockholm SWE"]
[Date "2007.07.05"]
[Round "2"]
[White "Agrest, Roman"]
[Black "Marklund, Gunnar"]
[Result "1/2-1/2"]
[PlyCount "80"]
[EventDate "2007.07.01"]
[EventCountry "SWE"]
[Source "lmi"]
[SourceDate "2007.06.30"]
[WhiteElo "2161"]
[BlackElo "2103"]

1. b4 d5 2. Bb2 Bg4 3. d3 c6 4. Nd2 Qb6 5. c3 Nd7 6. Ngf3 e5 7. Qb3 Ngf6 8. e3
Be7 9. Be2 O-O 10. a3 h6 11. c4 e4 12. dxe4 dxe4 13. Nd4 Bxe2 14. Nxe2 Rfe8 15.
O-O a5 16. Bc3 Qc7 17. c5 Bf8 18. Ng3 Ng4 19. Bd4 h5 20. h3 h4 21. hxg4 hxg3
22. fxg3 Re6 23. Rf4 axb4 24. axb4 Rxa1+ 25. Bxa1 Nf6 26. Bxf6 gxf6 27. Kf2 Qd8
28. Qc2 Qd5 29. Rxe4 Qxd2+ 30. Qxd2 Rxe4 31. Kf3 Re5 32. Qd7 Re7 33. Qf5 Re6
34. g5 Be7 35. g6 Bf8 36. Qh5 fxg6 37. Qxg6+ Bg7 38. e4 Re5 39. Qg4 Re7 40.
Qc8+ Kf7 1/2-1/2

[Event "Suecia ch 2007 Veteran-SM"]
[Site "Stockholm SWE"]
[Date "2007.07.05"]
[Round "2"]
[White "Johansson, Per"]
[Black "Malmdin, Nils-Ake"]
[Result "0-1"]
[PlyCount "130"]
[EventDate "2007.07.01"]
[EventCountry "SWE"]
[Source "lmi"]
[SourceDate "2007.06.30"]
[WhiteElo "2003"]
[BlackElo "2259"]

1. d4 Nf6 2. Nf3 e6 3. c4 Bb4+ 4. Bd2 c5 5. g3 O-O 6. Bg2 Nc6 7. e3 d6 8. O-O
e5 9. Bxb4 cxb4 10. d5 Nb8 11. a3 Na6 12. axb4 Nxb4 13. Nc3 Bf5 14. Ne1 a5 15.
e4 Bg4 16. Bf3 Bh3 17. Bg2 Bg4 18. Bf3 Bxf3 19. Qxf3 Nd7 20. Na4 Qc7 21. b3 g6
22. h4 f5 23. Qe2 Rf7 24. Nd3 Nxd3 25. Qxd3 f4 26. Rac1 Raf8 27. c5 fxg3 28.
fxg3 Nxc5 29. Nxc5 Rxf1+ 30. Rxf1 Qxc5+ 31. Kg2 Rxf1 32. Kxf1 b5 33. Qf3 Kg7
34. h5 Qc7 35. Kg2 a4 36. bxa4 bxa4 37. hxg6 hxg6 38. Qa3 Qd7 39. Qc3 Kf6 40.
Qf3+ Ke7 41. Qe3 Qc7 42. Qg5+ Kf7 43. Qg4 Kg7 44. Qf3 Qc2+ 45. Kh3 Qb2 46. Qg4
Qb7 47. Qf3 Qa7 48. Qa3 Qa6 49. g4 Kf6 50. Qf3+ Ke7 51. g5 a3 52. Qf6+ Kd7 53.
Qe6+ Kc7 54. Qe7+ Kb8 55. Kg3 a2 56. Qd8+ Kb7 57. Qd7+ Kb6 58. Qc6+ Ka5 59.
Qc3+ Kb5 60. Qd3+ Kb6 61. Qb3+ Kc7 62. Qc3+ Kd7 63. Qa1 Kd8 64. Kg2 Qe2+ 65.
Kg3 Qd3+ 0-1

[Event "Suecia ch 2007 SM-gruppen"]
[Site "Stockholm SWE"]
[Date "2007.07.06"]
[Round "7"]
[White "Carlsson, Pontus"]
[Black "Smith, Axel"]
[Result "1-0"]
[PlyCount "73"]
[EventDate "2007.06.30"]
[EventType "tourn"]
[EventRounds "13"]
[EventCountry "SWE"]
[Source "lmi"]
[SourceDate "2007.06.30"]
[WhiteElo "2480"]
[BlackElo "2284"]

1. e4 c5 2. Nf3 Nc6 3. Bb5 g6 4. O-O Bg7 5. Re1 e5 6. Bxc6 dxc6 7. d3 Qe7 8.
Nbd2 Nf6 9. Nc4 Nd7 10. a4 Nf8 11. b4 cxb4 12. d4 Nd7 13. dxe5 Nxe5 14. Nfxe5
Bxe5 15. Nxe5 Qxe5 16. Rb1 Qe7 17. Bf4 f6 18. Bd6 Qe6 19. e5 f5 20. Rxb4 b6 21.
Qf3 Qd5 22. Qg3 c5 23. Qg5 Qe6 24. Rbb1 Bb7 25. a5 h6 26. Qg3 g5 27. f3 g4 28.
fxg4 Rg8 29. h3 fxg4 30. h4 Qd5 31. axb6 axb6 32. Rxb6 Ra2 33. Reb1 Rg7 34. e6
Rxc2 35. Rxb7 Rxb7 36. Rxb7 Qxb7 37. Qxg4 1-0

[Event "Suecia ch 2007 SM-gruppen"]
[Site "Stockholm SWE"]
[Date "2007.07.06"]
[Round "7"]
[White "Lindberg, Bengt"]
[Black "Berg, Emanuel"]
[Result "1/2-1/2"]
[PlyCount "366"]
[EventDate "2007.06.30"]
[EventType "tourn"]
[EventRounds "13"]
[EventCountry "SWE"]
[Source "lmi"]
[SourceDate "2007.06.30"]
[WhiteElo "2443"]
[BlackElo "2581"]

1. e4 e6 2. d4 d5 3. Nc3 h6 4. Bd3 Nf6 5. Nge2 dxe4 6. Nxe4 Bd7 7. N2g3 Bc6 8.
c3 Nbd7 9. O-O Nxe4 10. Bxe4 Bxe4 11. Nxe4 Nf6 12. Nxf6+ Qxf6 13. Qa4+ c6 14.
Re1 Be7 15. Re3 Qf5 16. Bd2 O-O 17. Rae1 Bd6 18. Rf3 Qd5 19. Bf4 Bxf4 20. Rxf4
Rfd8 21. g3 Qd6 22. Qd1 Rd7 23. Qe2 Rad8 24. h4 Qd5 25. b3 c5 26. Qe3 Rc8 27.
dxc5 Rxc5 28. Re4 Rc8 29. Rd4 Rxc3 30. Rxd5 Rxe3 31. Rxd7 Rxe1+ 32. Kg2 Ra1 33.
a4 b5 34. Rxa7 Ra3 35. Ra8+ Kh7 36. Rf8 bxa4 37. bxa4 Kg6 38. Ra8 Kf6 39. a5 g5
40. hxg5+ hxg5 41. a6 Kf5 42. a7 g4 43. Kf1 Ra2 44. Kg2 e5 45. Rb8 Rxa7 46. Rb2
Ra4 47. Rb6 Ra5 48. Rc6 Kg5 49. Rb6 f5 50. Rb8 Ra6 51. Rc8 Kf6 52. Rh8 Rd6 53.
Ra8 Ke6 54. Ra5 Rd1 55. Ra8 Rd6 56. Ra5 Rc6 57. Ra1 Rc4 58. Ra5 Kd6 59. Ra8 Kd5
60. Rf8 Ke4 61. Rf7 Rc8 62. Re7 Rc2 63. Re8 Re2 64. Re7 Rd2 65. Re8 Ra2 66. Re7
Ra5 67. Re8 Kd3 68. Rf8 Ke4 69. Re8 Rb5 70. Re7 Rb2 71. Re8 Kd5 72. Rd8+ Ke4
73. Re8 Rb1 74. Re7 Rc1 75. Re8 Ra1 76. Re7 Ra8 77. Re6 Rh8 78. Re7 Kd5 79. Ra7
Rd8 80. Rf7 Ke6 81. Ra7 Rd7 82. Ra6+ Rd6 83. Ra8 Kd5 84. Rf8 Ke4 85. Re8 Rd5
86. Rf8 Rc5 87. Rf7 Rc6 88. Re7 Rc8 89. Re6 Rc7 90. Re8 Rc3 91. Re7 Kd5 92. Rf7
Rf3 93. Rd7+ Kc4 94. Rd8 e4 95. Rd7 Rd3 96. Rf7 Rd5 97. Ra7 Rd2 98. Kf1 Rb2 99.
Rf7 Rb5 100. Ke2 Kd4 101. Rd7+ Ke5 102. Re7+ Kf6 103. Re8 Kf7 104. Ra8 Rb3 105.
Kf1 Rb2 106. Ra6 Rb1+ 107. Kg2 Rb3 108. Rc6 Rf3 109. Ra6 Rd3 110. Rb6 Ke7 111.
Ra6 Rd6 112. Ra5 Kf6 113. Rb5 Ke6 114. Ra5 Rd5 115. Ra4 Ke5 116. Rb4 Ra5 117.
Rc4 Kd5 118. Rb4 Kc5 119. Rb8 Kd4 120. Rb3 Kc4 121. Rb8 Kd3 122. Rb3+ Kc2 123.
Rb8 Kd2 124. Rb2+ Kc3 125. Rb8 Kc2 126. Rd8 Ra3 127. Rd7 Rd3 128. Rf7 Rd5 129.
Kf1 Kd3 130. Ra7 Kc2 131. Ra2+ Kb3 132. Ra8 Rd1+ 133. Ke2 Rd3 134. Kf1 Kc3 135.
Ra3+ Kb2 136. Ra8 Rf3 137. Kg2 e3 138. fxe3 Rxe3 139. Rc8 Rc3 140. Rd8 Kc1 141.
Rd5 Rf3 142. Rd6 Kc2 143. Rd5 Kc3 144. Rd7 Rd3 145. Rf7 Rd2+ 146. Kf1 Rd5 147.
Kf2 Kd3 148. Re7 Rc5 149. Rd7+ Ke4 150. Re7+ Kd4 151. Rd7+ Ke5 152. Re7+ Kd4
153. Rd7+ Rd5 154. Re7 Re5 155. Rd7+ Ke4 156. Rd2 Rc5 157. Re2+ Kd3 158. Re3+
Kd4 159. Re2 Rc3 160. Re6 Rf3+ 161. Kg2 Re3 162. Rd6+ Ke4 163. Re6+ Kd3 164.
Rd6+ Ke2 165. Ra6 Rd3 166. Re6+ Re3 167. Ra6 Rd3 168. Re6+ Kd1 169. Re5 Rf3
170. Re6 Kd2 171. Re5 Kd3 172. Ra5 Ke4 173. Ra4+ Ke5 174. Ra5+ Kf6 175. Ra6+
Kg5 176. Ra8 Rb3 177. Rg8+ Kf6 178. Ra8 Rb2+ 179. Kg1 Kg6 180. Rg8+ Kf6 181.
Ra8 f4 182. Rf8+ Kg5 183. Rxf4 Ra2 1/2-1/2

[Event "Suecia ch 2007 SM-gruppen"]
[Site "Stockholm SWE"]
[Date "2007.07.06"]
[Round "7"]
[White "Hamark, Jesper"]
[Black "Ong, Kezli"]
[Result "1/2-1/2"]
[PlyCount "63"]
[EventDate "2007.06.30"]
[EventType "tourn"]
[EventRounds "13"]
[EventCountry "SWE"]
[Source "lmi"]
[SourceDate "2007.06.30"]
[WhiteElo "2289"]
[BlackElo "2236"]

1. d4 Nf6 2. c4 e6 3. Nc3 Bb4 4. Qc2 O-O 5. a3 Bxc3+ 6. Qxc3 b6 7. Bg5 Bb7 8.
f3 h6 9. Bh4 d5 10. e3 Nbd7 11. cxd5 Nxd5 12. Bxd8 Nxc3 13. Be7 Rfe8 14. Bh4
Nd5 15. Bf2 e5 16. e4 exd4 17. O-O-O Nf4 18. Bxd4 Rad8 19. Be3 Ne6 20. Nh3 Ndc5
21. Bc4 Ba6 22. Bxa6 Nxa6 23. Nf4 Nxf4 24. Bxf4 Nc5 25. Kc2 Ne6 26. Be3 Kf8 27.
Rxd8 Rxd8 28. Rd1 Rxd1 29. Kxd1 c5 30. Ke2 Ke7 31. Kd3 Kd6 32. g3 1/2-1/2

[Event "Suecia ch 2007 SM-gruppen"]
[Site "Stockholm SWE"]
[Date "2007.07.06"]
[Round "7"]
[White "Lindberg, Bosse"]
[Black "Akesson, Ralf"]
[Result "0-1"]
[PlyCount "94"]
[EventDate "2007.06.30"]
[EventType "tourn"]
[EventRounds "13"]
[EventCountry "SWE"]
[Source "lmi"]
[SourceDate "2007.06.30"]
[WhiteElo "2361"]
[BlackElo "2477"]

1. d4 d5 2. c4 e6 3. Nc3 Be7 4. Nf3 Nf6 5. Bg5 O-O 6. e3 h6 7. Bxf6 Bxf6 8. Qb3
c5 9. cxd5 cxd4 10. Nxd4 Bxd4 11. exd4 exd5 12. Qxd5 Qh4 13. g3 Qf6 14. Bg2
Re8+ 15. Ne4 Bf5 16. O-O Bxe4 17. Bxe4 Nc6 18. Rad1 Rad8 19. Qf5 Qxf5 20. Bxf5
Nxd4 21. Bd3 Re6 22. Kg2 Kf8 23. Rfe1 Rb6 24. b3 Rbd6 25. Be2 Nc2 26. Rg1 Rd2
27. Rxd2 Rxd2 28. Bf3 Ne3+ 29. Kh3 Rxf2 30. Bxb7 f5 31. g4 Nxg4 32. Rg2 Rf1 33.
Rd2 g5 34. Ba6 Rg1 35. Rg2 Rc1 36. Rd2 Rg1 37. Rg2 Re1 38. Rd2 Rc1 39. Kg2 f4
40. Kf3 Nf6 41. h4 Rc3+ 42. Rd3 Rxd3+ 43. Bxd3 Ke7 44. hxg5 hxg5 45. Bf5 Kd6
46. Bc8 Ke5 47. a3 g4+ 0-1